[Event "Junior Online 4NCL Division 3"]
[Site "online"]
[Date "2021.03.04"]
[EventDate "2021.03.04"]
[Round "4.12"]
[White "Ward, Cian"]
[WhiteElo "1651"]
[WhiteTeam "JHJ Shark Tank 1"]
[Black "Barringer-Allen, William B"]
[BlackElo "1340"]
[BlackTeam "Edgware Gambits C"]
[Result "1-0"]
[PlyCount "107"]

1. e4 e5 2. Nf3 Nc6 3. d4 exd4 4. Nxd4 Qf6 5. Be3 Bc5 6. c3 Nge7 7. Bc4 O-O 8. O-O Nxd4 9. Bxd4 Bxd4 10. cxd4 d6 11. Nc3 Nc6 12. Nd5 Qg5 13. Nxc7 Rb8 14. Nd5 Bh3 15. Qf3 Bg4 16. Qg3 Nxd4 17. h3 b5 18. Bd3 h5 19. hxg4 h4 20. Qf4 Qxf4 21. Nxf4 g5 22. Nd5 Kg7 23. Ne3 Rbc8 24. Nf5+ Nxf5 25. exf5 Rh8 26. Kh2 a6 27. Rac1 Kf6 28. Rfe1 Rhe8 29. Rxe8 Rxe8 30. Rc6 Ke5 31. Rxa6 Rb8 32. Ra5 Kd4 33. Bxb5 d5 34. a4 Ke4 35. Bc6 Rxb2 36. Bxd5+ Kf4 37. Bxf7 Rxf2 38. f6 Kxg4 39. Be6+ Kf4 40. Rf5+ Ke3 41. Rxf2 Kxf2 42. f7 Ke2 43. f8=Q Ke3 44. Qc5+ Ke4 45. Qd5+ Ke3 46. Qf3+ Kd4 47. Bc4 Kxc4 48. a5 Kc5 49. a6 Kb6 50. Qa3 Ka7 51. Qa4 Ka8 52. a7 Kb7 53. a8=Q+ Kb6 54. Q4c6# 1-0

[Event "Junior Online 4NCL Division 3"]
[Site "online"]
[Date "2021.03.04"]
[EventDate "2021.03.04"]
[Round "4.13"]
[White "Gill, Veer"]
[WhiteElo "1306"]
[WhiteTeam "Edgware Gambits C"]
[Black "Yu, William"]
[BlackElo "1587"]
[BlackTeam "JHJ Shark Tank 1"]
[Result "1/2-1/2"]
[PlyCount "107"]

1. e4 e6 2. c4 d5 3. cxd5 exd5 4. exd5 Nf6 5. Nc3 Nxd5 6. d4 Bb4 7. Bd2 O-O 8. Nf3 Re8+ 9. Be2 Bg4 10. O-O Nxc3 11. Bxc3 Bxc3 12. bxc3 Nd7 13. h3 Bh5 14. Rb1 b6 15. Re1 Nf6 16. Qd2 Bg6 17. Rb3 Rc8 18. Ne5 c5 19. Nxg6 hxg6 20. Ba6 Rc7 21. Rxe8+ Qxe8 22. Bb5 Qd8 23. Be2 Rd7 24. Bb5 Rd6 25. Ra3 cxd4 26. Rxa7 dxc3 27. Qxc3 Rd1+ 28. Kh2 Qb8+ 29. Qc7 Qxc7+ 30. Rxc7 Rd2 31. Bc4 Rxf2 32. Rxf7 Ng4+ 33. hxg4 Rxf7 34. Kg3 Kf8 35. Bxf7 Kxf7 36. Kf4 Kf6 37. g5+ Ke6 38. Ke4 Kd6 39. Kd4 Kc6 40. Kc4 b5+ 41. Kd4 Kb6 42. Kd5 Ka5 43. Kc5 Ka4 44. g4 b4 45. Kc4 Ka3 46. Kb5 b3 47. axb3 Kxb3 48. Kc5 Kc3 49. Kd6 Kd4 50. Ke6 Ke4 51. Kf7 Kf4 52. Kxg7 Kxg5 53. Kf7 Kxg4 54. Kxg6 1/2-1/2

[Event "Junior Online 4NCL Division 3"]
[Site "online"]
[Date "2021.03.04"]
[EventDate "2021.03.04"]
[Round "4.14"]
[White "Duke, Dillan"]
[WhiteElo "1558"]
[WhiteTeam "JHJ Shark Tank 1"]
[Black "Milani-Foglia, Aurelio"]
[BlackElo "1281"]
[BlackTeam "Edgware Gambits C"]
[Result "1-0"]
[PlyCount "61"]

1. e4 e6 2. d4 d5 3. Nc3 Nf6 4. e5 Nfd7 5. f4 c5 6. Nf3 Nc6 7. Be3 Qb6 8. Rb1 Be7 9. Be2 O-O 10. O-O Re8 11. g4 Nf8 12. Kg2 h6 13. dxc5 Bxc5 14. Bxc5 Qxc5 15. Bd3 Qb4 16. Kg3 Ng6 17. Bxg6 fxg6 18. Qd3 Rf8 19. Nh4 Ne7 20. Nxg6 Nxg6 21. Qxg6 Bd7 22. g5 Rf5 23. gxh6 Kf8 24. h7 Ke7 25. Qxg7+ Kd8 26. h8=Q+ Kc7 27. Qxa8 Qb6 28. Qgg8 Qe3+ 29. Rf3 Qb6 30. Qab8+ Kc6 31. Qd6# 1-0

[Event "Junior Online 4NCL Division 3"]
[Site "online"]
[Date "2021.03.04"]
[EventDate "2021.03.04"]
[Round "4.15"]
[White "McBrinn, Conall"]
[WhiteElo "1683"]
[WhiteTeam "JHJ Shark Tank 1"]
[Black "Joshi, Aarav"]
[BlackElo "1323"]
[BlackTeam "Edgware Gambits C"]
[Result "1/2-1/2"]
[PlyCount "97"]

1. d4 Nf6 2. c4 e6 3. Nc3 Bb4 4. Qc2 O-O 5. Nf3 b6 6. Bg5 Bb7 7. e3 d6 8. Bd3 Bxc3+ 9. bxc3 h6 10. Bh4 Nbd7 11. O-O c5 12. Rfe1 Rc8 13. e4 Re8 14. e5 Bxf3 15. gxf3 dxe5 16. dxe5 g5 17. Bxg5 hxg5 18. exf6 Qxf6 19. Be4 Kg7 20. Kf1 Rh8 21. Kg2 Ne5 22. Qe2 Qf4 23. Rh1 Rh6 24. Rag1 Rch8 25. h3 f5 26. Bd3 Nxd3 27. Qxd3 Kf6 28. Re1 Rh4 29. Qe2 Re8 30. Qe3 Qxc4 31. Qe5+ Kg6 32. Qd6 Kf7 33. Qd7+ Re7 34. Qd2 Qa4 35. Qxg5 Re8 36. Qe3 Rg8+ 37. Kh2 Re8 38. Rd1 Qf4+ 39. Qxf4 Rxf4 40. Kg3 Rc4 41. Rd7+ Re7 42. Rd3 a5 43. Rb1 Rb7 44. Rb5 Kf6 45. f4 Ra4 46. Rd2 Rc4 47. Rd3 Ra4 48. Rd2 Rc4 49. Rd3 1/2-1/2

[Event "Junior Online 4NCL Division 3"]
[Site "online"]
[Date "2021.03.04"]
[EventDate "2021.03.04"]
[Round "4.16"]
[White "Barringer-Allen, William B"]
[WhiteElo "1340"]
[WhiteTeam "Edgware Gambits C"]
[Black "Ward, Cian"]
[BlackElo "1651"]
[BlackTeam "JHJ Shark Tank 1"]
[Result "0-1"]
[PlyCount "140"]

1. d4 d5 2. Nc3 Nf6 3. Bg5 e6 4. e4 dxe4 5. Nxe4 Be7 6. Nxf6+ Bxf6 7. Bxf6 Qxf6 8. Nf3 Nc6 9. Bc4 O-O 10. O-O Bd7 11. Qe2 Rad8 12. c3 Ne7 13. Bd3 Bc6 14. Be4 Bxe4 15. Qxe4 c6 16. Ne5 Qf5 17. Rfe1 Qxe4 18. Rxe4 Nd5 19. g3 Nf6 20. Re2 Nd7 21. h4 Nxe5 22. Rxe5 Rfe8 23. Rae1 Kf8 24. Kg2 g6 25. Kh3 Kg7 26. Kg4 h5+ 27. Kf3 Rd5 28. Rxd5 cxd5 29. Rc1 Rc8 30. b3 b5 31. Kf4 a5 32. Ke5 Rc6 33. f3 f6+ 34. Kf4 Kf7 35. g4 hxg4 36. fxg4 Kg7 37. Ke3 Kh6 38. Kd2 g5 39. h5 f5 40. gxf5 exf5 41. Rf1 Rf6 42. Rh1 f4 43. c4 bxc4 44. bxc4 dxc4 45. Kc3 Rc6 46. d5 Rc5 47. Kd4 Rc8 48. Ke5 c3 49. d6 Kg7 50. h6+ Kf7 51. d7 Ra8 52. Kd6 f3 53. h7 c2 54. h8=Q Rxh8 55. Rxh8 c1=Q 56. d8=Q Qd1+ 57. Kc7 Qxd8+ 58. Rxd8 f2 59. Rd1 g4 60. Kb6 g3 61. Rf1 Ke6 62. Rc1 g2 63. Rc6+ Ke7 64. Rc8 f1=Q 65. Rc7+ Kd8 66. Rc5 g1=Q 67. Kc6 Qf6+ 68. Kb5 Qd6 69. Rc2 Qgb6+ 70. Kc4 Qdd4# 0-1

[Event "Junior Online 4NCL Division 3"]
[Site "online"]
[Date "2021.03.04"]
[EventDate "2021.03.04"]
[Round "4.17"]
[White "Yu, William"]
[WhiteElo "1587"]
[WhiteTeam "JHJ Shark Tank 1"]
[Black "Gill, Veer"]
[BlackElo "1306"]
[BlackTeam "Edgware Gambits C"]
[Result "1-0"]
[PlyCount "45"]

1. d4 c5 2. c3 Nc6 3. e3 d5 4. Bd3 Nf6 5. Nf3 Bg4 6. Nbd2 e6 7. Qe2 Be7 8. b3 O-O 9. Ba3 cxd4 10. Bxe7 Qxe7 11. cxd4 Rac8 12. O-O Nb4 13. a3 Nc2 14. Ra2 Bf5 15. Bxf5 exf5 16. Qd3 Nxa3 17. Rfa1 Ne4 18. Rxa3 Rc3 19. Qb5 Rfc8 20. Rxa7 Rc2 21. Ra8 Qc7 22. Qe8+ Rxe8 23. Rxe8# 1-0

[Event "Junior Online 4NCL Division 3"]
[Site "online"]
[Date "2021.03.04"]
[EventDate "2021.03.04"]
[Round "4.18"]
[White "Milani-Foglia, Aurelio"]
[WhiteElo "1281"]
[WhiteTeam "Edgware Gambits C"]
[Black "Duke, Dillan"]
[BlackElo "1558"]
[BlackTeam "JHJ Shark Tank 1"]
[Result "0-1"]
[PlyCount "68"]

1. e4 e6 2. d4 d5 3. e5 c5 4. c3 Nc6 5. Nf3 Qb6 6. Be2 cxd4 7. cxd4 Nh6 8. b3 Nf5 9. Bb2 a5 10. Bd3 g6 11. Bxf5 gxf5 12. O-O a4 13. Na3 axb3 14. axb3 Na5 15. Nd2 Bd7 16. Re1 Be7 17. Nab1 Rg8 18. Qc2 Rc8 19. Qd1 Nc6 20. Nf3 Nb4 21. Nbd2 Nd3 22. Ra2 Nxe1 23. Qxe1 Bb5 24. Nf1 Bxf1 25. Qxf1 Qxb3 26. Qb1 Qxf3 27. g3 f4 28. Ra3 Bxa3 29. Bxa3 Qxa3 30. Qb5+ Rc6 31. Qxb7 f3 32. Qxc6+ Kf8 33. Qc8+ Kg7 34. Qc1 Qxc1# 0-1

[Event "Junior Online 4NCL Division 3"]
[Site "online"]
[Date "2021.03.04"]
[EventDate "2021.03.04"]
[Round "4.21"]
[White "Jessop,Osian"]
[WhiteElo "1284"]
[WhiteTeam "Border Bandits 2"]
[Black "Callan, Adrian"]
[BlackElo "1413"]
[BlackTeam "Surrey Kings 2"]
[Result "0-1"]
[PlyCount "62"]

1. e4 c6 2. Nf3 d5 3. exd5 cxd5 4. Bb5+ Nc6 5. Nc3 a6 6. Bxc6+ bxc6 7. d3 Nf6 8. Bg5 Bg4 9. h3 Bh5 10. Bxf6 exf6 11. O-O Be7 12. Re1 O-O 13. Qd2 Bxf3 14. gxf3 Qc7 15. Kf1 Rfe8 16. Ke2 Ba3+ 17. Kd1 Bxb2 18. Rb1 Bxc3 19. Rxe8+ Rxe8 20. Qxc3 Qe7 21. Kc1 Qe1+ 22. Kb2 Rb8+ 23. Qb4 Qxb4+ 24. Kc1 Qxb1+ 25. Kd2 Qf1 26. d4 Qxf2+ 27. Kd3 Rb1 28. c4 Rd1+ 29. Kc3 Qd2+ 30. Kb3 Rb1+ 31. Ka4 Qb4# 0-1

[Event "Junior Online 4NCL Division 3"]
[Site "online"]
[Date "2021.03.04"]
[EventDate "2021.03.04"]
[Round "4.22"]
[White "Wastney, Dylan"]
[WhiteElo "1330"]
[WhiteTeam "Surrey Kings 2"]
[Black "Watkins, Gabby"]
[BlackElo "1087"]
[BlackTeam "Border Bandits 2"]
[Result "1-0"]
[PlyCount "99"]

1. e4 c6 2. d4 d5 3. exd5 cxd5 4. c4 Nf6 5. Nc3 Bf5 6. Nf3 e6 7. Bd3 Bg6 8. Bf4 Bb4 9. cxd5 exd5 10. O-O O-O 11. a3 Bd6 12. Bg3 Bxd3 13. Qxd3 Bxg3 14. fxg3 Re8 15. Rfe1 Nc6 16. Rxe8+ Qxe8 17. Re1 Qd7 18. Ne5 Qd6 19. Nb5 Qd8 20. Rc1 a6 21. Nc3 Qe7 22. Nxc6 bxc6 23. Ne2 Rb8 24. b4 Ra8 25. Rxc6 g6 26. Qf3 a5 27. Rxf6 axb4 28. axb4 Ra1+ 29. Kf2 Qxb4 30. Qc3 Qxc3 31. Nxc3 Rc1 32. Nxd5 Rc2+ 33. Kf3 Rc4 34. Rf4 Rc3+ 35. Nxc3 Kg7 36. Ke4 Kf8 37. Ke5 Ke7 38. d5 f6+ 39. Rxf6 Kd7 40. Rf7+ Ke8 41. Ke6 Kd8 42. d6 Ke8 43. d7+ Kd8 44. Rf8+ Kc7 45. d8=Q+ Kc6 46. Qd5+ Kc7 47. Nb5+ Kb6 48. Rb8+ Ka5 49. Nd6+ Ka4 50. Qa2# 1-0

[Event "Junior Online 4NCL Division 3"]
[Site "online"]
[Date "2021.03.04"]
[EventDate "2021.03.04"]
[Round "4.23"]
[White "Fennell, Owyn"]
[WhiteElo "963"]
[WhiteTeam "Border Bandits 2"]
[Black "Josse, Ben"]
[BlackElo "1232"]
[BlackTeam "Surrey Kings 2"]
[Result "0-1"]
[PlyCount "40"]

1. e4 e6 2. Nc3 d5 3. d3 c5 4. Nf3 Nc6 5. d4 dxe4 6. Nxe4 cxd4 7. c3 dxc3 8. bxc3 Be7 9. Bg5 Bxg5 10. Nfxg5 Nf6 11. f3 Nxe4 12. fxe4 Qxg5 13. h4 Qg3+ 14. Ke2 e5 15. Rh3 Bxh3 16. gxh3 Rd8 17. Qa4 O-O 18. h5 f5 19. Qc2 Qh2+ 20. Bg2 Qxg2+ 0-1

[Event "Junior Online 4NCL Division 3"]
[Site "online"]
[Date "2021.03.04"]
[EventDate "2021.03.04"]
[Round "4.24"]
[White "Lee, Damin"]
[WhiteElo "1149"]
[WhiteTeam "Surrey Kings 2"]
[Black "Siddall, George"]
[BlackElo "708"]
[BlackTeam "Border Bandits 2"]
[Result "1-0"]
[PlyCount "49"]

1. e4 e5 2. Nf3 Nc6 3. Bc4 Nf6 4. d3 h6 5. Nc3 Bc5 6. O-O d6 7. h3 Be6 8. a3 Bxc4 9. dxc4 Qd7 10. Re1 O-O-O 11. Be3 Bxe3 12. Rxe3 Qe6 13. b3 Nd4 14. Rd3 Nxf3+ 15. Qxf3 Rhe8 16. Nd5 c6 17. Nxf6 gxf6 18. Qe3 f5 19. exf5 Qxf5 20. Qxa7 c5 21. Qa8+ Kc7 22. Qa5+ Kd7 23. Qb6 Rb8 24. Qxd6+ Kc8 25. Qxc5# 1-0

[Event "Junior Online 4NCL Division 3"]
[Site "online"]
[Date "2021.03.04"]
[EventDate "2021.03.04"]
[Round "4.25"]
[White "Callan, Adrian"]
[WhiteElo "1413"]
[WhiteTeam "Surrey Kings 2"]
[Black "Jessop,Osian"]
[BlackElo "1284"]
[BlackTeam "Border Bandits 2"]
[Result "0-1"]
[PlyCount "96"]

1. d4 f5 2. c4 e6 3. Nf3 d5 4. cxd5 exd5 5. Nc3 Nf6 6. Bg5 h6 7. Bh4 g5 8. Nxg5 hxg5 9. Bxg5 Bh6 10. Bxh6 Rxh6 11. e3 Be6 12. Bd3 Nc6 13. Qc2 Qd7 14. Rc1 O-O-O 15. a3 Rg8 16. f3 Rhg6 17. Rg1 R8g7 18. b4 a6 19. b5 axb5 20. Bxb5 Qd6 21. Na4 Qxh2 22. Kf1 f4 23. Bxc6 bxc6 24. Qxc6 Bh3 25. Nb6+ Kd8 26. Qa8+ Ke7 27. Rxc7+ Ke6 28. Qc6+ Kf5 29. Rxg7 Bxg2+ 30. Rxg2 Qxg2+ 31. Ke1 Rxg7 32. Nxd5 Nxd5 33. Qxd5+ Kf6 34. Qe5+ Kf7 35. Qxf4+ Kg8 36. d5 Rh7 37. Qg4+ Qxg4 38. fxg4 Rh2 39. e4 Kf8 40. e5 Rh3 41. a4 Re3+ 42. Kf2 Rxe5 43. d6 Rd5 44. d7 Rxd7 45. a5 Ra7 46. g5 Rxa5 47. g6 Rg5 48. Kf3 Rxg6 0-1

[Event "Junior Online 4NCL Division 3"]
[Site "online"]
[Date "2021.03.04"]
[EventDate "2021.03.04"]
[Round "4.26"]
[White "Watkins, Gabby"]
[WhiteElo "1087"]
[WhiteTeam "Border Bandits 2"]
[Black "Wastney, Dylan"]
[BlackElo "1330"]
[BlackTeam "Surrey Kings 2"]
[Result "0-1"]
[PlyCount "40"]

1. c3 e5 2. c4 Nf6 3. g3 d5 4. cxd5 Nxd5 5. Bg2 Bc5 6. e3 Nb4 7. Ne2 Nd3+ 8. Kf1 Qf6 9. f3 Bg4 10. Qa4+ Bd7 11. Qh4 g5 12. Qe4 Nxc1 13. Nxc1 Bb5+ 14. Kf2 Bc6 15. Qc2 Nd7 16. Nb3 Bb6 17. Re1 e4 18. Kg1 exf3 19. Bxf3 Qxf3 20. Rf1 Qg2# 0-1

[Event "Junior Online 4NCL Division 3"]
[Site "online"]
[Date "2021.03.04"]
[EventDate "2021.03.04"]
[Round "4.27"]
[White "Josse, Ben"]
[WhiteElo "1232"]
[WhiteTeam "Surrey Kings 2"]
[Black "Fennell, Owyn"]
[BlackElo "963"]
[BlackTeam "Border Bandits 2"]
[Result "1-0"]
[PlyCount "25"]

1. e4 e5 2. Nf3 Nc6 3. Bc4 g6 4. O-O Bc5 5. c3 Nf6 6. d4 Nxe4 7. dxc5 Nxc5 8. Qd5 O-O 9. Qxc5 d6 10. Qe3 Na5 11. Qh6 Nxc4 12. Ng5 Be6 13. Qxh7# 1-0

[Event "Junior Online 4NCL Division 3"]
[Site "online"]
[Date "2021.03.04"]
[EventDate "2021.03.04"]
[Round "4.28"]
[White "Siddall, George"]
[WhiteElo "708"]
[WhiteTeam "Border Bandits 2"]
[Black "Lee, Damin"]
[BlackElo "1149"]
[BlackTeam "Surrey Kings 2"]
[Result "0-1"]
[PlyCount "114"]

1. e4 e5 2. Nf3 Nc6 3. Bc4 Bc5 4. O-O Nf6 5. Nc3 d6 6. h3 h6 7. d3 a6 8. Re1 O-O 9. Be3 Bxe3 10. fxe3 Re8 11. Nd5 Be6 12. d4 Bxd5 13. exd5 Na7 14. c3 exd4 15. Nxd4 c5 16. Nf5 b5 17. Bd3 c4 18. Be2 Qd7 19. e4 Nxe4 20. Bg4 Qc7 21. Bf3 Nf6 22. Rxe8+ Rxe8 23. Qd2 Nc8 24. Re1 Ne7 25. Nxe7+ Rxe7 26. Re2 Qd8 27. Qe1 Rxe2 28. Qxe2 Qb6+ 29. Kh2 Qa5 30. b4 cxb3 31. axb3 Qxc3 32. Qf2 Qxb3 33. Qh4 Qc3 34. Qf2 Qe5+ 35. g3 b4 36. Be2 a5 37. Bd3 Qxd5 38. Bc2 b3 39. Bb1 a4 40. Qa7 Qd2+ 41. Kg1 Qd1+ 42. Kf2 Qxb1 43. Qa8+ Kh7 44. Qxa4 b2 45. Qb3 Ne4+ 46. Ke3 Nxg3 47. Qxf7 Qc1+ 48. Kf3 b1=Q 49. Kxg3 Qg6+ 50. Qxg6+ Kxg6 51. h4 Qe3+ 52. Kg4 Qe4+ 53. Kg3 Kf5 54. Kf2 Kf4 55. Kf1 Qc2 56. Kg1 Kg3 57. Kf1 Qf2# 0-1

[Event "Junior Online 4NCL Division 3"]
[Site "online"]
[Date "2021.03.04"]
[EventDate "2021.03.04"]
[Round "4.31"]
[White "Cepoi, Gesneria-Codruta"]
[WhiteElo "1051"]
[WhiteTeam "Uxbridge Girls"]
[Black "Suyash Srikanta Prasad"]
[BlackElo "1735"]
[BlackTeam "Maidenhead Juniors 1"]
[Result "0-1"]
[PlyCount "68"]

1. e4 c5 2. Nc3 d6 3. Nf3 Nf6 4. Bc4 e6 5. a4 a6 6. d3 Be7 7. Bg5 h6 8. Bh4 O-O 9. Bxf6 Bxf6 10. a5 Bxc3+ 11. bxc3 Nc6 12. d4 cxd4 13. cxd4 Nxa5 14. Ba2 d5 15. e5 Nc4 16. O-O b5 17. c3 Bb7 18. Rb1 Qc7 19. Qd3 Rac8 20. Rb3 f6 21. Re1 f5 22. Nh4 Qf7 23. Bb1 g5 24. Nf3 g4 25. Nh4 Qh5 26. g3 Bc6 27. Bc2 a5 28. Re2 a4 29. Rb4 Ra8 30. Re1 Rf7 31. Ra1 Rfa7 32. Ra2 Qg5 33. Rb1 Nd2 34. Kg2 Nxb1 0-1

[Event "Junior Online 4NCL Division 3"]
[Site "online"]
[Date "2021.03.04"]
[EventDate "2021.03.04"]
[Round "4.32"]
[White "Koppuravuri, Shrihan"]
[WhiteElo "1552"]
[WhiteTeam "Maidenhead Juniors 1"]
[Black "Knight, Zoe B"]
[BlackElo "993"]
[BlackTeam "Uxbridge Girls"]
[Result "1-0"]
[PlyCount "129"]

1. e4 d5 2. exd5 Nf6 3. Nc3 Bg4 4. Be2 Bf5 5. Nf3 Nxd5 6. Nxd5 Qxd5 7. c4 Qd8 8. d4 c6 9. O-O e6 10. Be3 Be7 11. h3 O-O 12. Qd2 Bf6 13. Rad1 Re8 14. Bd3 Bxd3 15. Qxd3 Nd7 16. Qe2 Nf8 17. Ne5 Qa5 18. Ng4 Nd7 19. a3 Qc7 20. Qd2 Be7 21. d5 exd5 22. cxd5 cxd5 23. Qxd5 Nf6 24. Nxf6+ Bxf6 25. Rc1 Qe5 26. Qxb7 Qxb2 27. Rc7 Qxb7 28. Rxb7 h6 29. Rxa7 Rxa7 30. Bxa7 Be7 31. Re1 Kf8 32. Ra1 Ra8 33. Be3 Rxa3 34. Rxa3 Bxa3 35. Kh2 Bd6+ 36. g3 g5 37. Kg2 Kg7 38. Kf3 f5 39. Bd4+ Kg6 40. g4 f4 41. Ke4 h5 42. f3 hxg4 43. hxg4 Kh6 44. Kf5 Be7 45. Bf6 Bxf6 46. Kxf6 Kh7 47. Kxg5 Kg7 48. Kxf4 Kg6 49. g5 Kh7 50. Kf5 Kg7 51. f4 Kf7 52. g6+ Kg7 53. Kg5 Kh8 54. f5 Kg7 55. f6+ Kf8 56. g7+ Kg8 57. Kh6 Kf7 58. Kh7 Kxf6 59. g8=Q Kf5 60. Qc4 Ke5 61. Kg6 Kd6 62. Kf6 Kd7 63. Qc5 Ke8 64. Qc7 Kf8 65. Qf7# 1-0

[Event "Junior Online 4NCL Division 3"]
[Site "online"]
[Date "2021.03.04"]
[EventDate "2021.03.04"]
[Round "4.33"]
[White "Vijayakumar, Mrinali"]
[WhiteElo "700"]
[WhiteTeam "Uxbridge Girls"]
[Black "Rajeev-Lazar, Seyon"]
[BlackElo "1498"]
[BlackTeam "Maidenhead Juniors 1"]
[Result "0-1"]
[PlyCount "56"]

1. e4 e6 2. d4 d5 3. e5 c5 4. Bb5+ Nc6 5. dxc5 Bxc5 6. Bxc6+ bxc6 7. Be3 Bxe3 8. fxe3 Qb6 9. Qd3 Qxb2 10. Nf3 Qxa1 11. O-O Qxa2 12. Nc3 Qa6 13. Qd4 Ne7 14. Ng5 h6 15. Nxf7 Rf8 16. Nd6+ Kd7 17. Rxf8 Qa1+ 18. Nd1 Qc1 19. Nxc8 Rxc8 20. Qxa7+ Rc7 21. Qb8 Qxd1+ 22. Kf2 Qd2+ 23. Kg3 Qxe3+ 24. Kh4 Nf5+ 25. Rxf5 exf5 26. e6+ Kxe6 27. Qxc7 Qg5+ 28. Kh3 Qg4# 0-1

[Event "Junior Online 4NCL Division 3"]
[Site "online"]
[Date "2021.03.04"]
[EventDate "2021.03.04"]
[Round "4.34"]
[White "Rao, Shree"]
[WhiteElo "1392"]
[WhiteTeam "Maidenhead Juniors 1"]
[Black "Patange, Rashi"]
[BlackElo "700"]
[BlackTeam "Uxbridge Girls"]
[Result "1-0"]
[PlyCount "45"]

1. d4 e6 2. Bf4 Nf6 3. e3 Bb4+ 4. c3 Ba5 5. b4 Bb6 6. a4 Nc6 7. a5 Bxa5 8. bxa5 d5 9. Bb5 Bd7 10. Nf3 O-O 11. O-O Ne4 12. Bxc6 Bxc6 13. Ne5 Nf6 14. Re1 b6 15. Nxc6 Qe7 16. Nxe7+ Kh8 17. Bxc7 bxa5 18. Bxa5 Rae8 19. Bb4 a5 20. Rxa5 h5 21. c4 dxc4 22. Rxh5+ Nxh5 23. Qxh5# 1-0

[Event "Junior Online 4NCL Division 3"]
[Site "online"]
[Date "2021.03.04"]
[EventDate "2021.03.04"]
[Round "4.35"]
[White "Suyash Srikanta Prasad"]
[WhiteElo "1735"]
[WhiteTeam "Maidenhead Juniors 1"]
[Black "Cepoi, Gesneria-Codruta"]
[BlackElo "1051"]
[BlackTeam "Uxbridge Girls"]
[Result "1-0"]
[PlyCount "35"]

1. e4 c6 2. d4 Nf6 3. Nc3 e6 4. Nf3 Bb4 5. Bd3 Bxc3+ 6. bxc3 O-O 7. Bg5 h6 8. Bh4 g5 9. Nxg5 hxg5 10. Bxg5 d6 11. e5 dxe5 12. dxe5 Nbd7 13. exf6 Nxf6 14. Qf3 Kg7 15. h4 Rh8 16. h5 Re8 17. h6+ Kf8 18. Bxf6 1-0

[Event "Junior Online 4NCL Division 3"]
[Site "online"]
[Date "2021.03.04"]
[EventDate "2021.03.04"]
[Round "4.36"]
[White "Knight, Zoe B"]
[WhiteElo "993"]
[WhiteTeam "Uxbridge Girls"]
[Black "Koppuravuri, Shrihan"]
[BlackElo "1552"]
[BlackTeam "Maidenhead Juniors 1"]
[Result "0-1"]
[PlyCount "56"]

1. e4 e5 2. Bc4 Nf6 3. Nc3 Be7 4. Nf3 Nc6 5. Ng5 O-O 6. Bxf7+ Rxf7 7. Nxf7 Kxf7 8. O-O Kg8 9. d3 d6 10. Be3 Bg4 11. f3 Bh5 12. Nd5 Nxd5 13. exd5 Nd4 14. g4 Bf7 15. Qe1 Nxc2 16. Qb1 Nxa1 17. Qxa1 Bxd5 18. d4 exd4 19. Bxd4 Bf6 20. Bc3 Bxc3 21. bxc3 Qf6 22. Qd1 Bc6 23. c4 Rf8 24. Kg2 Qf4 25. Qd3 Qxg4+ 26. Kf2 Rxf3+ 27. Qxf3 Qxf3+ 28. Ke1 Qe3+ 0-1

[Event "Junior Online 4NCL Division 3"]
[Site "online"]
[Date "2021.03.04"]
[EventDate "2021.03.04"]
[Round "4.37"]
[White "Rajeev-Lazar, Seyon"]
[WhiteElo "1498"]
[WhiteTeam "Maidenhead Juniors 1"]
[Black "Vijayakumar, Mrinali"]
[BlackElo "700"]
[BlackTeam "Uxbridge Girls"]
[Result "1-0"]
[PlyCount "57"]

1. g3 e5 2. Bg2 Nc6 3. c4 Nf6 4. Nc3 Bc5 5. Nf3 Ng4 6. O-O O-O 7. b3 Bxf2+ 8. Rxf2 Nxf2 9. Kxf2 Qe7 10. d3 Qc5+ 11. Be3 Qb4 12. Nd5 Qd6 13. Kg1 Nb4 14. Nxb4 Qxb4 15. Nxe5 d6 16. Nf3 Bg4 17. Qd2 Qa3 18. Qc1 Qa6 19. Bd4 d5 20. Bb2 Rfd8 21. Qc3 Kf8 22. Qxg7+ Ke7 23. Bf6+ Ke6 24. Bxd8 Qb6+ 25. Kf1 Bxf3 26. Qf6+ Kd7 27. Qe7+ Kc6 28. Bxf3 a5 29. Bxd5# 1-0

[Event "Junior Online 4NCL Division 3"]
[Site "online"]
[Date "2021.03.04"]
[EventDate "2021.03.04"]
[Round "4.38"]
[White "Patange, Rashi"]
[WhiteElo "700"]
[WhiteTeam "Uxbridge Girls"]
[Black "Rao, Shree"]
[BlackElo "1392"]
[BlackTeam "Maidenhead Juniors 1"]
[Result "0-1"]
[PlyCount "36"]

1. e4 e6 2. Nf3 d5 3. d3 dxe4 4. dxe4 Qxd1+ 5. Kxd1 Nc6 6. Bb5 Bd7 7. Bxc6 Bxc6 8. Bf4 O-O-O+ 9. Kc1 Bxe4 10. Ne5 Nh6 11. Bxh6 gxh6 12. Nxf7 Bxg2 13. Nxh8 Bxh1 14. Nc3 Bf3 15. Nf7 Rd4 16. b3 Bb4 17. a3 Bxc3 18. Rb1 Rd1# 0-1

[Event "Junior Online 4NCL Division 3"]
[Site "online"]
[Date "2021.03.04"]
[EventDate "2021.03.04"]
[Round "4.41"]
[White "Israni, Ishita"]
[WhiteElo "302"]
[WhiteTeam "East Kilbride Rooks"]
[Black "Sarkar, Rian"]
[BlackElo "1592"]
[BlackTeam "Barnet Knights B"]
[Result "0-1"]
[PlyCount "88"]

1. e4 c5 2. Nf3 e6 3. Nc3 a6 4. b3 Qc7 5. Bb2 d6 6. d3 Nf6 7. Qd2 Nbd7 8. O-O-O b5 9. d4 cxd4 10. Nxd4 Bb7 11. Bd3 Be7 12. Rhe1 Nc5 13. Be2 Ncxe4 14. Nxe4 Nxe4 15. Qd3 Nxf2 16. Qd2 Nxd1 17. Rxd1 h6 18. Nf3 Bxf3 19. Bxf3 Bg5 20. Qxg5 hxg5 21. Bxa8 d5 22. Re1 O-O 23. Re3 Rxa8 24. Rg3 Rc8 25. c3 d4 26. Kd1 dxc3 27. Bxc3 Qxc3 28. Rxc3 Rxc3 29. g3 f5 30. Kd2 Rc5 31. Kd3 e5 32. Ke3 Rc2 33. Kd3 Rxa2 34. h4 gxh4 35. gxh4 Kf7 36. Ke3 Ke6 37. Kf3 Rb2 38. Kg3 Rxb3+ 39. Kh2 f4 40. Kg2 e4 41. Kf2 Rb2+ 42. Kf1 f3 43. Ke1 e3 44. Kf1 Rb1# 0-1

[Event "Junior Online 4NCL Division 3"]
[Site "online"]
[Date "2021.03.04"]
[EventDate "2021.03.04"]
[Round "4.42"]
[White "Gardner, Kai"]
[WhiteElo "1487"]
[WhiteTeam "Barnet Knights B"]
[Black "Vusikala, Tarun"]
[BlackElo "211"]
[BlackTeam "East Kilbride Rooks"]
[Result "1-0"]
[PlyCount "67"]

1. e4 c5 2. c3 e5 3. Nf3 Nc6 4. Bc4 Bd6 5. d4 cxd4 6. cxd4 exd4 7. Nxd4 Nxd4 8. Qxd4 Bb4+ 9. Nc3 Bxc3+ 10. Qxc3 Nf6 11. f3 O-O 12. O-O d5 13. exd5 Nxd5 14. Bxd5 Qxd5 15. Be3 a5 16. Rad1 Qxa2 17. Bd4 f6 18. Bc5 Re8 19. b3 Be6 20. Ra1 Qxb3 21. Qd4 a4 22. Rfb1 Qc4 23. Qf2 a3 24. Bxa3 Bf5 25. Rxb7 Qd3 26. Qc5 Re5 27. Qb4 Qe3+ 28. Kf1 Qe2+ 29. Kg1 Rxa3 30. Qxa3 Qe3+ 31. Qxe3 Rxe3 32. Ra8+ Bc8 33. Rxc8+ Re8 34. Rxe8# 1-0

[Event "Junior Online 4NCL Division 3"]
[Site "online"]
[Date "2021.03.04"]
[EventDate "2021.03.04"]
[Round "4.43"]
[White "Vinodh, Sampriti"]
[WhiteElo "197"]
[WhiteTeam "East Kilbride Rooks"]
[Black "Tokar, Kyrylo"]
[BlackElo "1479"]
[BlackTeam "Barnet Knights B"]
[Result "0-1"]
[PlyCount "70"]

1. e4 c5 2. e5 Nc6 3. Nf3 e6 4. Nc3 d5 5. Bb5 Bd7 6. Bxc6 Bxc6 7. d3 Qc7 8. Bf4 Ne7 9. d4 cxd4 10. Nxd4 Ng6 11. Nf3 Bb4 12. a3 Bxc3+ 13. bxc3 O-O 14. O-O Nxf4 15. g3 Ng6 16. Re1 Rae8 17. Qd4 f6 18. exf6 Rxf6 19. Ne5 Nxe5 20. Rxe5 Rf5 21. Rxf5 exf5 22. Rf1 Re4 23. Qc5 b6 24. Qb4 Rxb4 25. cxb4 Bb5 26. Re1 Qxc2 27. Rf1 Bxf1 28. Kxf1 Qd1+ 29. Kg2 d4 30. a4 d3 31. a5 bxa5 32. bxa5 d2 33. f4 Qe2+ 34. Kh3 d1=Q 35. Kh4 Qg4# 0-1

[Event "Junior Online 4NCL Division 3"]
[Site "online"]
[Date "2021.03.04"]
[EventDate "2021.03.04"]
[Round "4.45"]
[White "Sarkar, Rian"]
[WhiteElo "1592"]
[WhiteTeam "Barnet Knights B"]
[Black "Israni, Ishita"]
[BlackElo "302"]
[BlackTeam "East Kilbride Rooks"]
[Result "1-0"]
[PlyCount "49"]

1. d4 d5 2. c4 dxc4 3. Nc3 Nf6 4. e4 e6 5. Bxc4 Nc6 6. Nf3 Bd6 7. e5 Na5 8. Bb3 Be7 9. exf6 Bxf6 10. Bc2 Nc4 11. Be4 O-O 12. O-O Nd6 13. Bc2 Be7 14. Bf4 Nf5 15. Qd3 g6 16. Qc4 Bd7 17. Bxf5 exf5 18. Qxc7 Qe8 19. Nd5 Rc8 20. Qe5 Rc2 21. Nxe7+ Qxe7 22. Qxe7 Re8 23. Qf6 Rxb2 24. Bh6 Rf8 25. Qg7# 1-0